000 00526nam a2200217Ia 4500
003 OSt
005 20220928144151.0
006 a|||||r|||| 00| 0
007 ta
008 220927b |||||||| |||| 00| 0 eng d
024 _a60860
037 _cTextual
040 _aSDCL
_cSDCL
_beng
041 _2eng
_aeng
082 _aO152,6M95:g, M6
100 _aDube
_9507272
245 0 _aKathakar ainv nibandhakar.
260 _c1986
942 _hO152,6M95:g, M6
_cTEXL
_2CC
999 _c826611
_d826611